Радиопоглощающие свойства пеностекла с добавлением арсенида галлия; Перспективы развития фундаментальных наук; Т. 2 : Химия

Detalles Bibliográficos
Parent link:Перспективы развития фундаментальных наук=Prospects of Fundamental Sciences Development: сборник научных трудов XV Международной конференции студентов, аспирантов и молодых ученых, г. Томск, 24-27 апреля 2018 г./ Национальный исследовательский Томский политехнический университет (ТПУ) ; под ред. И. А. Курзиной, Г. А. Вороновой.— , 2018
Т. 2 : Химия.— 2018.— [С. 309-311]
Autor Principal: Стебенева В. И.
Autor Corporativo: Национальный исследовательский Томский политехнический университет Инженерная школа новых производственных технологий Научно-образовательный центр Н. М. Кижнера
Outros autores: Дорожкин К. В. (научный руководитель), Казьмина О. В. Ольга Викторовна
Summary:Заглавие с экрана
The principal possibility of using wastes of semiconductor devices production containing gallium arsenide as a component of radio-absorbing material was established. The composition formulation including perlite, liquid glass, complex blowing agent and waste is developed. It is shown that with increase the waste amount in the composition from 10 to 30 wt. % the absorption coefficient increases from 80 to 98%, the transmission coefficient decreases to zero. The obtained results indicate a high absorbing capacity of composite in the frequency range of 120 - 260 GHz that refers to ultrasonic waves.
Idioma:ruso
Publicado: 2018
Subjects:
Acceso en liña:http://earchive.tpu.ru/handle/11683/50804
Formato: Electrónico Capítulo de libro
KOHA link:https://koha.lib.tpu.ru/cgi-bin/koha/opac-detail.pl?biblionumber=627577

MARC

LEADER 00000naa2a2200000 4500
001 627577
005 20240119152046.0
035 |a (RuTPU)RU\TPU\conf\27485 
035 |a RU\TPU\conf\27449 
090 |a 627577 
100 |a 20180913d2018 k y0rusy50 ca 
101 0 |a rus 
102 |a RU 
105 |a y z 100zy 
135 |a drcn ---uucaa 
181 0 |a i  
182 0 |a b 
200 1 |a Радиопоглощающие свойства пеностекла с добавлением арсенида галлия  |d Radar-absorbent properties of a foam glass with gallium arsenide addition  |f В. И. Стебенева, К. В. Дорожкин  |g науч. рук. О. В. Казьмина 
203 |a Текст  |c электронный 
300 |a Заглавие с экрана 
320 |a [Библиогр.: с. 311 (3 назв.)] 
330 |a The principal possibility of using wastes of semiconductor devices production containing gallium arsenide as a component of radio-absorbing material was established. The composition formulation including perlite, liquid glass, complex blowing agent and waste is developed. It is shown that with increase the waste amount in the composition from 10 to 30 wt. % the absorption coefficient increases from 80 to 98%, the transmission coefficient decreases to zero. The obtained results indicate a high absorbing capacity of composite in the frequency range of 120 - 260 GHz that refers to ultrasonic waves. 
461 1 |0 (RuTPU)RU\TPU\conf\26928  |t Перспективы развития фундаментальных наук  |l Prospects of Fundamental Sciences Development  |o сборник научных трудов XV Международной конференции студентов, аспирантов и молодых ученых, г. Томск, 24-27 апреля 2018 г.  |o в 7 т.  |f Национальный исследовательский Томский политехнический университет (ТПУ) ; под ред. И. А. Курзиной, Г. А. Вороновой  |d 2018 
463 1 |0 (RuTPU)RU\TPU\conf\26930  |t Т. 2 : Химия  |v [С. 309-311]  |d 2018 
510 1 |a Radar-absorbent properties of a foam glass with gallium arsenide addition  |z eng 
610 1 |a электронный ресурс 
610 1 |a труды учёных ТПУ 
610 1 |a радиопоглощающие свойства 
610 1 |a пеностекло 
610 1 |a арсенид галлия 
610 1 |a радиопоглощающие материалы 
610 1 |a отходы 
610 1 |a полупроводниковые приборы 
700 1 |a Стебенева  |b В. И. 
701 1 |a Дорожкин  |b К. В. 
702 1 |a Казьмина  |b О. В.  |c химик-технолог  |c профессор Томского политехнического университета, доктор технических наук  |f 1967-  |g Ольга Викторовна  |4 727 
712 0 2 |a Национальный исследовательский Томский политехнический университет  |b Инженерная школа новых производственных технологий  |b Научно-образовательный центр Н. М. Кижнера  |3 (RuTPU)RU\TPU\col\23556 
801 2 |a RU  |b 63413507  |c 20181005  |g RCR 
856 4 |u http://earchive.tpu.ru/handle/11683/50804 
942 |c BK